[Event "Verbandsliga Nord Baden 0607"]
[Site "Germany"]
[Date "2006.11.26"]
[Round "3.1"]
[White "Mueller, Matthias Michael"]
[Black "Hildenbrand, Peter"]
[Result "0-1"]
[WhiteElo "2307"]
[BlackElo "2202"]
[PlyCount "110"]
[EventDate "2006.10.22"]
[EventType "team"]
[EventRounds "9"]
[EventCountry "GER"]
[SourceTitle "EXT 2008"]
[Source "ChessBase"]
[SourceDate "2007.11.25"]
[SourceVersion "1"]
[SourceVersionDate "2007.11.25"]
[SourceQuality "1"]
[WhiteTeam "Mosbach"]
[BlackTeam "Leimen"]
[WhiteTeamCountry "GER"]
[BlackTeamCountry "GER"]

1. e4 d6 2. d4 Nf6 3. Nc3 e5 4. Nf3 exd4 5. Nxd4 Be7 6. Be2 0-0 7. 0-0 Re8 8. f4 Bf8 9. Bf3 c6 10. Kh1 Na6 11. Nde2 h6 12. Ng3 Nh7 13. Be3 f5 14. Bh5 fxe4 15. Bxe8 Qxe8 16. f5 d5 17. Bd4 Qf7 18. Qe2 Nc7 19. Be5 b6 20. Qe3 Ne8 21. Nce2 Bd6 22. Bxd6 Nxd6 23. Qf4 Ne8 24. c4 Ba6 25. cxd5 cxd5 26. Rfc1 Qf6 27. Qd2 Rd8 28. Nd4 Qh4 29. Rc3 Nef6 30. h3 Bd3 31. Nge2 Nh5 32. Qe1 Qf6 33. Rc6 Rd6 34. Rc8+ Rd8 35. Rc6 Rd6 36. Rc8+ Rd8 37. Rxd8+ Qxd8 38. Ne6 Qf6 39. N2d4 Ng5 40. Nxg5 Qxd4 41. Qh4 Qxb2 42. Re1 Qf6 43. Qxh5 Qxg5 44. Qe8+ Kh7 45. Qd7 Bc4 46. Qxa7 b5 47. Qd7 Bxa2 48. Qxb5 Qxf5 49. Qc5 Bc4 50. Qd4 Qf6 51. Qc5 Qh4 52. Ra1 Qg3 53. Ra3 Qf4 54. Re3 Qf2 55. Qd4 Bf1 0-1